[Event "56th Rubinstein Memorial A 2020"]
[Site "Polanica Zdroj"]
[Date "2020.08.19"]
[Round "5.11"]
[White "Fiedorek, Michal"]
[Black "Hasterok, Mateusz"]
[Result "1/2-1/2"]
[WhiteElo "2212"]
[BlackElo "2056"]
[Annotator "ChessBase"]
[PlyCount "83"]
[EventDate "2020.08.15"]
[EventType "swiss"]
[EventCountry "POL"]
[SourceTitle "playchess.com"]
[Source "ChessBase"]
[SourceQuality "1"]
[TimeControl "40/5400+30:1800+30"]

1. e4 {[%emt 0:00:00]} c5 {[%emt 0:00:00]} 2. Nf3 {[%emt 0:00:00]} Nc6 {[%emt 0:00:00]} 3. d4 {[%emt 0:00:00]} cxd4 {[%emt 0:00:00]} 4. Nxd4 {[%emt 0:00:00]} e6 {[%emt 0:00:00]} 5. Nc3 {[%emt 0:00:12]} a6 {[%emt 0:00:00]} 6. Nxc6 {[%emt 0:00:18]} bxc6 {[%emt 0:00:00]} 7. Bd3 {[%emt 0:00:28]} d5 {[%emt 0:00:00]} 8. O-O {[%emt 0:00:31]} Nf6 {[%emt 0:00:00]} 9. Qf3 {[%emt 0:00:19]} Be7 {[%emt 0:03:03]} 10. Qg3 {[%emt 0:00:37]} Nh5 {[%emt 0:02:27]} 11. Qf3 {[%emt 0:00:52]} Nf6 {[%emt 0:00:39]} 12. e5 {[%emt 0:00:18]} Nd7 {[%emt 0:00:19]} 13. Qg3 {[%emt 0:00:44]} Kf8 {[%emt 0:00:35]} 14. Bf4 {[%emt 0:06:59]} Bb7 {[%emt 0:06:45]} 15. Na4 {[%emt 0:04:21]} c5 {[%emt 0:04:28]} 16. c4 {[%emt 0:10:50]} d4 {[%emt 0:01:44]} 17. b3 {[%emt 0:03:51]} h5 {[%emt 0:12:00]} 18. h3 {[%emt 0:05:54]} Bh4 {[%emt 0:04:04]} 19. Qh2 {[%emt 0:00:19]} g5 {[%emt 0:00:15]} 20. Bd2 {[%emt 0:03:55]} g4 {[%emt 0:13:30]} 21. Rae1 {[%emt 0:19:24]} Rg8 {[%emt 0:10:57]} 22. hxg4 {[%emt 0:11:04]} Rxg4 {[%emt 0:12:55]} 23. f3 {[%emt 0:01:51]} Bxe1 {[%emt 0:06:12]} 24. Bh6+ {[%emt 0:00:34]} Ke8 {[%emt 0:00:53]} 25. fxg4 {[%emt 0:03:07]} Qh4 {[%emt 0:02:18]} 26. gxh5 {[%emt 0:13:51]} Qxh2+ {[%emt 0:02:21]} 27. Kxh2 {[%emt 0:00:04]} Nxe5 {[%emt 0:00:44]} 28. Nxc5 {[%emt 0:05:48]} Bb4 {[%emt 0:05:32]} 29. Bg7 {[%emt 0:04:07]} Ng4+ {[%emt 0:03:36]} 30. Kg3 {[%emt 0:00:45]} Bxc5 {[%emt 0:00:04]} 31. Kxg4 {[%emt 0:01:11]} Bxg2 {[%emt 0:00:06]} 32. Rg1 {[%emt 0:02:16]} f5+ {[%emt 0:01:17]} 33. Kf4 {[%emt 0:00:39]} Bc6 {[%emt 0:01:27]} 34. h6 {[%emt 0:00:20]} Kf7 {[%emt 0:01:11]} 35. Be5 {[%emt 0:01:10]} Rg8 {[%emt 0:01:01]} 36. Bxf5 {[%emt 0:00:39]} Rxg1 {[%emt 0:00:44]} 37. h7 {[%emt 0:00:27]} Rh1 {[%emt 0:01:30]} 38. Bd3 {[%emt 0:00:35]} Be7 {[%emt 0:01:43]} 39. h8=Q {[%emt 0:00:19]} Rxh8 {[%emt 0:00:05]} 40. Bxh8 {[%emt 0:00:00]} Bf6 {[%emt 0:00:00]} 41. Bxf6 {[%emt 0:00:14]} Kxf6 {[%emt 0:00:32]} 42. Be4 1/2-1/2

[Event "56th Rubinstein Memorial A 2020"]
[Site "Polanica Zdroj"]
[Date "2020.08.19"]
[Round "5.12"]
[White "Majocha, Piotr"]
[Black "Luba, Lukasz"]
[Result "1/2-1/2"]
[WhiteElo "1906"]
[BlackElo "2188"]
[Annotator "TA"]
[PlyCount "114"]
[EventDate "2020.08.15"]
[EventType "swiss"]
[EventCountry "POL"]
[SourceTitle "playchess.com"]
[Source "ChessBase"]
[SourceQuality "1"]

{[%evp 11,114,28,34,29,31,30,33,29,37,4,10,-13,-9,-10,-4,-14,-1,-22,-29,-19,-12,-50,-12,-30,0,-13,0,-30,0,-29,-13,-28,-12,-40,-9,-14,8,4,0,0,0,0,166,161,166,156,155,0,142,133,133,133,153,149,255,206,281,142,147,141,179,179,179,179,179,179,179,179,179,121,121,128,268,261,227,89,117,88,108,76,143,142,139,132,132,11,53,0,0,0,0,0,0,0,0,0,0,0,0,0,273,273,282,282,384]} 1. Nf3 d5 2. c4 c6 3. e3 Nf6 4. Nc3 a6 5. d4 b5 6. b3 Bg4 7. Qc2 {D15: Slav Defence: 4 Nc3 a6 and gambit lines after 4 Nc3 dxc4.} e6 8. Ne5 {[#]} Bh5 $146 ({Predecessor:} 8... Bf5 9. Bd3 Bxd3 10. Nxd3 bxc4 11. bxc4 dxc4 12. Ne5 Nbd7 13. O-O Qc7 14. Nxd7 Nxd7 {1-0 (39) Bacrot,E (2720)-Laznicka,V (2676) Tromsoe 2014}) 9. c5 {White is slightly better.} Nfd7 {With the idea ...Nxe5.} 10. Nxd7 (10. f4 {is more complex.} Nxe5 11. fxe5 Be7 12. Bd3 a5 13. a3) 10... Nxd7 11. Be2 Bg6 12. Bd3 e5 13. Bxg6 hxg6 14. Ne2 e4 15. Bd2 a5 16. a3 (16. a4 $5 {[%cal Ra4b5]}) 16... f5 17. O-O-O Qf6 18. Kb1 Be7 19. h3 Qf8 20. Nf4 Kf7 21. f3 Nf6 22. Be1 g5 23. Ne2 g4 24. fxg4 Nxg4 {[%mdl 64] Pin} 25. Qc1 Bg5 26. Rf1 $1 {[%cal Rf1f5]} Nxe3 $2 (26... Nh6 $1 $11) 27. Bd2 $1 $18 {[%cal Rd2e3]} Nxf1 28. Bxg5 Nh2 29. Rh1 $2 ({White has to play} 29. Qf4 $16) 29... Nf3 (29... Qb8 30. Nf4 $16 (30. Bf4 Qb7 $16)) (29... a4 $11 {keeps the balance.}) 30. gxf3 $16 exf3 31. Ng3 Re8 32. Qf4 $1 Kg6 (32... Kg8 $16 33. Nxf5 (33. Qxf3 f4 $14) 33... Qf7 34. Qxf3 Kh7) 33. h4 Re4 34. Nxe4 ({Only move:} 34. Qxf3 $18 {Threatens to win with Rf1.} Re6 35. Qd3) 34... fxe4 35. Qg4 {aiming for Be7+.} ({Much weaker is} 35. Qc7 $6 f2 $11) 35... Qc8 36. h5+ $1 Kh7 37. Qxc8 Rxc8 $18 {[%mdl 4096] Endgame KRB-KR} 38. Kc1 a4 39. b4 $1 Rf8 40. Kd2 (40. Kd1 $1 $18) 40... Rf5 $16 41. Be3 Kg8 (41... g5 $16 {might work better.} 42. hxg6+ Kxg6) 42. Ke1 $18 f2+ 43. Ke2 ({Don't do} 43. Bxf2 $6 Rf3 $16) (43. Kf1 $1 $18 {is the precise move to win.}) 43... f1=Q+ $16 44. Rxf1 Rxh5 45. Rg1 {Black must now prevent Rg6.} Rh2+ ({Black should play} 45... Kf7) 46. Bf2 $1 Kf7 47. Ke3 g6 {[#]} 48. Rg3 ({White should try} 48. Bg3 $1 $16 {[%cal Rg3h2]} Ra2 49. Kf4) 48... Kf6 $11 49. Rg1 ({Better is} 49. Bg1 $14 Ra2 50. Kf4) 49... g5 50. Rg3 Kf5 51. Rg1 g4 52. Rf1 {White wants to mate with Bg3+.} Kg5 53. Rg1 Rh7 54. Ke2 Rh2 {...Kf4 is the strong threat.} 55. Ke3 Rh3+ $2 {[%mdl 8192]} (55... Kf5 $11 {and Black is okay.}) 56. Bg3 $18 Rh7 {[#] intending ...Rf7.} 57. Rf1 $1 Rh3 {[%mdl 32768] Accuracy: White = 70%, Black = 67%. . An unexpected result.} 1/2-1/2

[Event "56th Rubinstein Memorial A 2020"]
[Site "Polanica Zdroj"]
[Date "2020.08.19"]
[Round "5.13"]
[White "Sernecki, Franciszek"]
[Black "Luberanski, Jakub"]
[Result "1-0"]
[WhiteElo "2243"]
[BlackElo "2146"]
[Annotator "TA"]
[PlyCount "157"]
[EventDate "2020.08.15"]
[EventType "swiss"]
[EventCountry "POL"]
[SourceTitle "playchess.com"]
[Source "ChessBase"]
[SourceQuality "1"]

{[%evp 16,157,12,21,25,26,43,46,54,30,39,35,28,47,44,7,7,6,7,3,89,89,89,89,89,89,89,89,89,89,85,82,89,89,89,89,89,88,85,77,85,78,76,77,85,0,63,62,62,62,70,76,77,77,77,18,18,18,12,12,19,12,19,19,19,8,8,0,19,19,19,8,8,8,53,53,122,139,610,607,504,477,1353,1353,12827,5114,29942,1093,1353,724,29947,8,8,0,29945,29948,29946,29945,29942,12842,10988,5700,3512,29956,29956,29955,12845,10813,29950,10402,29961,29962,29963,29965,29969,29961,29951,29961,29936,29950,29955,29943,29950,29946,29953,0,12712,12826,5089,11985,29965,5085,29952,29961,29963,7645,29966,29966,12737,12592,29979,29980,29965,5600]} 1. d4 Nf6 2. c4 g6 3. Nc3 d5 4. Nf3 Bg7 5. Bf4 O-O 6. Rc1 dxc4 7. e3 c5 8. Bxc4 {8.Bxc4 scores better than 8.dxc5.} cxd4 9. Nxd4 Nc6 {D92: Grünfeld: 4 Nf3 Bg7 5 Bf4.} 10. Nxc6 {[#]} bxc6 $146 ({Predecessor:} 10... Qxd1+ 11. Kxd1 bxc6 12. Ke2 Nd5 13. Nxd5 cxd5 14. Bxd5 Ba6+ 15. Kf3 Rad8 16. Rhd1 e6 17. Bb3 {1-0 (31) Ftacnik,L (2618)-Sand,R (2113) Deizisau 2001}) 11. O-O Qa5 {White is slightly better.} 12. Qa4 Qxa4 13. Nxa4 Nd5 14. Bg5 Nb6 15. Bb3 Nxa4 $1 16. Bxa4 Bxb2 17. Rb1 Bf6 (17... Ba3 $1 $11 {remains equal.}) 18. Bxf6 $16 exf6 19. Bxc6 Ba6 20. Bxa8 {And now Bf3 would win.} Bxf1 21. Kxf1 {Strongly threatening Bd5.} Rxa8 {[%mdl 4096] Endgame KR-KR} 22. Rb7 f5 23. a4 a5 24. Ke2 Kg7 25. Rb5 Kf6 26. Kf3 Ra6 27. h4 h6 28. Kf4 Ke6 29. Re5+ Kf6 {aiming for ...g5+.} 30. Rb5 Ke6 $1 31. g4 fxg4 32. Kxg4 f5+ 33. Kf4 Kf6 34. Kg3 g5 35. hxg5+ ({White should play} 35. Rd5 $16) 35... hxg5 $11 36. Kf3 Kg6 37. Rd5 Kf6 38. Rc5 Kg6 39. Ke2 Kf6 40. Kd3 Rd6+ 41. Ke2 Ra6 42. Rd5 Ke6 43. e4 fxe4 44. Rxg5 {White wants to mate with Rg6+.} Kf6 45. Rh5 {Threatening mate with Rh6+.} Ra8 (45... Kg6 $14 46. Rc5 Kf7) 46. Ke3 $16 Rb8 $2 {[%mdl 8192]} (46... Rc8 $16) 47. Rxa5 $18 Rb4 48. Kf4 Rc4 (48... Ke6 $142 49. Re5+ {[%mdl 64] Double Attack} Kf6 50. Rxe4 Rb2) 49. Ra8 Rb4 50. a5 Ra4 51. Ra7 (51. a6 $142 Kg6 52. a7 Kh7 53. Ke5 Kg7 54. Kf5 Kh7 55. Ke5 Kg7 56. Kd5) 51... Ke6 52. a6 Kf6 53. Rh7 $2 (53. Ra8 {mates} Kg7 54. a7 Kh7 55. Ke3 Kg7 56. Kf4 Kh7 57. Ke5 Kg7 58. Kd5) 53... Kg6 $1 $11 {[%cal Rg6h7]} 54. Ra7 $2 {[%mdl 8192] [#]} (54. Rb7 $11 Rxa6 55. Kxe4) 54... Kf6 {Black is now going downhill.} 55. Ra8 Kg7 56. Kf5 Kf7 57. Ra7+ (57. a7 $142 Kg7 58. Ke5 Kh7 59. Kf6 Ra6+ 60. Kf5 Ra4 61. Ke6 Ra6+ 62. Ke5) 57... Ke8 $18 58. Ke6 {[%cal Ra7a8]} Kd8 59. Rd7+ Ke8 60. Rd6 Ra5 {[#]} 61. Kf6 $1 {[%cal Rf6e6]} Ra2 62. Ke5 Kf7 63. Rf6+ Kg7 64. Rb6 Ra4 65. Rb7+ Kg6 66. a7 Kg5 67. Rg7+ Kh6 68. Rf7 Kg6 69. Rc7 Kg5 70. Rg7+ (70. Kd5 $142 Ra5+ 71. Kc6 Ra2 72. Rd7 Kh4 73. Rg7 Kh5 74. Kb6 Rb2+ 75. Kc5) 70... Kh6 71. Rd7 Kg5 72. Kd5 Kg4 73. Rf7 (73. Kc6 $142 Ra2 74. Kb7 Rb2+ 75. Kc8 Rc2+ 76. Kb7 Rb2+ 77. Kc8 Rc2+ 78. Kb8 Rxf2 79. Rg7+ Kh5 80. a8=Q Rf8+ 81. Kb7 Rxa8 82. Kxa8) 73... Kh3 74. Rg7 Kh2 75. Kc6 (75. Ke5 $142 Kh3 76. Kd5 Kh4 77. Kc6 Ra2 78. Kd5 Ra4 79. Kc5 Ra2 80. Kb6 Rb2+ 81. Kc6) 75... Ra1 76. Kb7 Rb1+ 77. Kc8 Rc1+ 78. Kb8 Rb1+ 79. Rb7 {Accuracy: White = 80%, Black = 63%.} 1-0

[Event "56th Rubinstein Memorial A 2020"]
[Site "Polanica Zdroj"]
[Date "2020.08.19"]
[Round "5.14"]
[White "Bronowicki, Mateusz"]
[Black "Antoniewicz, Jakub"]
[Result "1-0"]
[WhiteElo "2275"]
[BlackElo "1806"]
[Annotator "TA"]
[PlyCount "109"]
[EventDate "2020.08.15"]
[EventType "swiss"]
[EventCountry "POL"]
[SourceTitle "playchess.com"]
[Source "ChessBase"]
[SourceQuality "1"]

{[%evp 9,109,-15,-6,-10,0,-8,-8,-1,3,8,15,7,4,8,50,50,50,47,50,45,62,41,39,39,39,37,55,56,56,32,87,22,29,0,21,20,33,21,66,71,98,99,92,93,148,148,285,275,279,287,289,297,289,273,295,262,281,294,348,342,348,0,298,0,348,348,348,348,389,387,371,306,319,0,348,348,340,343,415,385,441,418,397,310,470,470,467,454,547,545,535,516,29980,29981,29981,29982,29982,29983,29983,29984,29984,29985]} 1. d4 Nf6 2. Bg5 d5 3. Bxf6 exf6 4. e3 Bd6 5. g3 O-O 6. Bg2 {D00: 1 d4 d5: Unusual lines.} Re8 7. Nd2 c6 8. Ne2 {The position is equal.} Bg4 9. O-O f5 10. Re1 Nd7 {[#]} 11. c4 $146 ({Predecessor:} 11. a3 Nf6 12. c4 Bc7 13. cxd5 Nxd5 14. Nf3 Qf6 15. Qb3 Rab8 16. Nc3 Nxc3 17. Qxc3 {0-1 (80) Wirig,A (2347)-Spielmann,A (2305) Nancy 2003}) 11... Nf6 12. Qb3 Qb6 13. cxd5 Qxb3 14. Nxb3 Nxd5 15. a3 Nf6 16. Na5 Rab8 17. b4 Bxe2 18. Rxe2 Ne4 19. Rc1 g5 (19... g6 $14) 20. f3 (20. Bxe4 $16 Rxe4 21. Rb2) 20... Nf6 $11 21. Bh3 g4 22. fxg4 fxg4 23. Bg2 Kg7 24. e4 $36 {[%mdl 2048] White is in control.} Bc7 25. e5 Nd7 {[#]} 26. Nxb7 $1 {[%mdl 64] Remove Defender, Decoy} Rxb7 ({Better is} 26... Nxe5 27. Bxc6 (27. dxe5 Rxb7 28. Bxc6 Bb6+ 29. Kg2 Rc8 $16) 27... Nxc6 28. Rxe8 Rxe8) 27. Bxc6 $16 {[%mdl 64] Double Attack} Bb6 (27... Reb8 $16 {was called for.}) 28. Bxb7 $18 Bxd4+ 29. Kg2 Nxe5 30. Rc4 Nxc4 31. Rxe8 Nxa3 {[%mdl 4096] Endgame KRB-KBN} 32. Re4 {[%mdl 64] Double Attack} Nc2 33. Rxg4+ Kf6 34. Rf4+ Kg7 35. Rg4+ Kf6 $1 {intending ...Ne3+.} 36. Rf4+ Kg7 $1 37. Bd5 f5 38. Kh3 {Hoping for Bb3.} Bb6 39. Be6 Be3 40. Rf3 Bb6 41. Rf4 Be3 $1 {[%cal Re3f4]} 42. Rc4 ({Less strong is} 42. Bxf5 Bxf4 43. Bxc2 (43. gxf4 Nxb4 44. Kg4 a5 $11) 43... Bd2 $14) 42... Nd4 43. Rc7+ Kg6 44. Bg8 Nf3 45. Bxh7+ Kf6 46. Bg8 Ng5+ (46... Bb6 $142) 47. Kg2 Ne4 48. Rc6+ Ke5 49. Re6+ Kd5 {[#]} 50. Kf3 $1 {Threatening mate with Rxe4+.} Ng5+ (50... Kd4 $18 51. Re7 Bd2 52. Rd7+ Ke5) 51. Kxe3 {White mates.} Nxe6 52. h4 Ke5 53. Bxe6 $1 Kxe6 54. Kf4 Kf6 55. b5 {Accuracy: White = 86%, Black = 64%.} 1-0

[Event "56th Rubinstein Memorial A 2020"]
[Site "Polanica Zdroj"]
[Date "2020.08.19"]
[Round "5.15"]
[White "Jaskolka, Tomasz"]
[Black "Vanduyfhuys, Daria"]
[Result "1-0"]
[WhiteElo "2196"]
[BlackElo "1985"]
[Annotator "TA"]
[PlyCount "109"]
[EventDate "2020.08.15"]
[EventType "swiss"]
[EventCountry "POL"]
[SourceTitle "playchess.com"]
[Source "ChessBase"]
[SourceQuality "1"]

{[%evp 11,108,0,7,-2,16,0,22,11,24,20,20,19,18,8,30,-8,0,-6,8,22,28,15,21,16,42,29,40,35,35,33,41,25,33,31,57,40,86,90,92,81,98,42,42,42,42,35,104,96,98,99,134,124,136,129,145,128,140,141,165,177,198,198,198,198,186,197,172,177,203,207,209,210,213,208,238,229,248,235,237,248,235,234,228,225,227,188,491,387,780,773,1139,1104,997,989,29995,29996,29996,29997,29999]} 1. d4 d5 2. Bf4 Nf6 3. e3 c5 4. c3 Nc6 5. Nd2 Bf5 6. Ngf3 e6 {The main line 6...e6 scores better than 6...Qb6.} 7. Qa4 {[#] D00: 1 d4 d5: Unusual lines.} Be7 $146 ({Predecessor:} 7... Nd7 8. Bb5 Qc8 9. Nh4 Bg6 10. Nxg6 hxg6 11. Bg3 Be7 12. Nf3 a6 13. Bd3 c4 14. Bb1 b5 {0-1 (39) Paehtz,E (2473)-Fridman,D (2615) Playchess.com INT 2020}) 8. dxc5 Bxc5 9. Nd4 {The position is equal.} Bxd4 10. exd4 O-O 11. Be2 a6 12. Qa3 b5 13. Bd6 Re8 14. O-O Ne4 15. Nxe4 Bxe4 16. Rfd1 Qg5 {[%csl Ge4][%cal Rg5g2]} 17. Bg3 h5 {Threatens to win with ...h4.} 18. Qd6 $36 {[%mdl 2048] aiming for h4. White has some pressure.} Rec8 19. Qf4 Qxf4 20. Bxf4 Bg6 21. Bd6 Na5 22. Bc5 f6 23. Re1 Kf7 {[#]} 24. b4 $1 {[%cal Rb4a5]} Nc4 25. a4 Bc2 {[#]} 26. Bxh5+ (26. axb5 $1 $16 axb5 27. Bxh5+ g6 28. Bg4) 26... g6 $14 27. Bg4 f5 $1 {[%cal Rf5g4]} 28. Be2 Bxa4 ({Better is} 28... bxa4 $14 29. h4 Bb3) 29. Bxc4 $16 {Black is on the road to losing.} dxc4 30. Re5 Rd8 31. Rae1 Re8 32. f3 Rad8 33. Kf2 Rd5 34. R5e2 Bb3 35. h4 Ba4 36. Kg3 Bb3 37. Kf4 Ba4 38. g3 Bb3 39. Bb6 Re7 40. Rh1 Kf6 41. g4 fxg4 42. fxg4 Rb7 43. Bc5 Rb8 44. Rf1 Re8 45. Ref2 Kg7 46. Ke4 Rd7 47. h5 gxh5 48. gxh5 Rdd8 $2 (48... Kh7 {is more resistant.} 49. h6 Rd5 50. Rf7+ Kg6) 49. h6+ Kh7 $2 (49... Kh8 50. Ra1 Kh7 51. Rxa6 Rd7) 50. Rf7+ $18 Kh8 51. Be7 Bc2+ 52. Ke3 {Threatening mate with Bf6+.} Rd5 53. Bf6+ {White mates.} Kg8 54. Rg7+ Kf8 55. Be7# {Accuracy: White = 95%, Black = 61%.} 1-0

[Event "56th Rubinstein Memorial A 2020"]
[Site "Polanica Zdroj"]
[Date "2020.08.19"]
[Round "5.16"]
[White "Jachym, Adam"]
[Black "Kasperek, Ryszard"]
[Result "0-1"]
[WhiteElo "2042"]
[BlackElo "2202"]
[Annotator "ChessBase"]
[PlyCount "78"]
[EventDate "2020.08.15"]
[EventType "swiss"]
[EventCountry "POL"]
[SourceTitle "playchess.com"]
[Source "ChessBase"]
[SourceQuality "1"]
[TimeControl "40/5400+30:1800+30"]

1. e4 {[%emt 0:03:34]} c5 {[%emt 0:00:00]} 2. c3 {[%emt 0:00:07]} Nf6 {[%emt 0:04:23]} 3. e5 {[%emt 0:00:23]} Nd5 {[%emt 0:00:04]} 4. d4 {[%emt 0:00:33]} cxd4 {[%emt 0:00:11]} 5. Nf3 {[%emt 0:00:26]} Nc6 {[%emt 0:00:30]} 6. cxd4 {[%emt 0:00:27]} d6 {[%emt 0:00:56]} 7. Bc4 {[%emt 0:04:10]} Nb6 {[%emt 0:01:04]} 8. Bb5 {[%emt 0:05:12]} dxe5 {[%emt 0:03:42]} 9. Nxe5 {[%emt 0:01:55]} Bd7 {[%emt 0:00:12]} 10. Bxc6 {[%emt 0:00:19]} Bxc6 {[%emt 0:00:47]} 11. Nxc6 {[%emt 0:00:48]} bxc6 {[%emt 0:00:04]} 12. Nc3 {[%emt 0:02:15]} g6 {[%emt 0:15:54]} 13. Qf3 {[%emt 0:02:34]} Rc8 {[%emt 0:02:04]} 14. O-O {[%emt 0:02:57]} Bg7 {[%emt 0:03:17]} 15. Rd1 {[%emt 0:02:48]} O-O {[%emt 0:04:04]} 16. Ne4 {[%emt 0:02:39]} Qd5 {[%emt 0:08:58]} 17. Bg5 {[%emt 0:12:03]} Rfe8 {[%emt 0:10:58]} 18. Bf4 {[%emt 0:06:42]} f5 {[%emt 0:14:16]} 19. Nc3 {[%emt 0:14:03]} Qxf3 {[%emt 0:01:37]} 20. gxf3 {[%emt 0:00:08]} Red8 {[%emt 0:01:34]} 21. Be5 {[%emt 0:12:00]} Bxe5 {[%emt 0:03:30]} 22. dxe5 {[%emt 0:00:07]} Nc4 {[%emt 0:00:03]} 23. e6 {[%emt 0:00:44]} Nxb2 {[%emt 0:12:40]} 24. Rd7 {[%emt 0:01:15]} Rxd7 {[%emt 0:00:45]} 25. exd7 {[%emt 0:00:08]} Rd8 {[%emt 0:00:02]} 26. Rb1 {[%emt 0:00:27]} Nd3 {[%emt 0:00:07]} 27. Rb7 {[%emt 0:00:29]} Nc5 {[%emt 0:06:52]} 28. Rxa7 {[%emt 0:00:20]} Rxd7 {[%emt 0:00:09]} 29. Ra8+ {[%emt 0:00:10]} Kf7 {[%emt 0:00:16]} 30. Rc8 {[%emt 0:01:51]} Rd3 {[%emt 0:01:36]} 31. Ne2 {[%emt 0:01:10]} Ne6 {[%emt 0:01:31]} 32. Rxc6 {[%emt 0:00:39]} Rd2 {[%emt 0:01:03]} 33. Nc3 {[%emt 0:00:36]} Rc2 {[%emt 0:00:45]} 34. Rc4 {[%emt 0:01:03]} g5 {[%emt 0:00:44]} 35. h4 {[%emt 0:05:34]} Nf4 {[%emt 0:00:39]} 36. hxg5 {[%emt 0:00:08]} Ne2+ {[%emt 0:00:26]} 37. Kf1 {[%emt 0:00:40]} Rxc3 {[%emt 0:00:06]} 38. Rh4 {[%emt 0:00:18]} Rc2 {[%emt 0:00:34]} 39. Rxh7+ {[%emt 0:00:14]} Ke6 {[%emt 0:00:13]} 0-1

[Event "56th Rubinstein Memorial A 2020"]
[Site "Polanica Zdroj"]
[Date "2020.08.19"]
[Round "5.17"]
[White "Grzesik, Norbert"]
[Black "Goraj, Barbara"]
[Result "0-1"]
[WhiteElo "1980"]
[BlackElo "2099"]
[Annotator "ChessBase"]
[PlyCount "64"]
[EventDate "2020.08.15"]
[EventType "swiss"]
[EventCountry "POL"]
[SourceTitle "playchess.com"]
[Source "ChessBase"]
[SourceQuality "1"]
[TimeControl "40/5400+30:1800+30"]

1. e4 {[%emt 0:00:00]} c5 {[%emt 0:00:00]} 2. Nf3 {[%emt 0:00:00]} d6 {[%emt 0:00:00]} 3. d4 {[%emt 0:00:00]} cxd4 {[%emt 0:00:00]} 4. Nxd4 {[%emt 0:00:00]} Nf6 {[%emt 0:00:02]} 5. Nc3 {[%emt 0:00:00]} Nc6 {[%emt 0:00:12]} 6. Bg5 {[%emt 0:00:03]} Bd7 {[%emt 0:00:27]} 7. Qd2 {[%emt 0:00:24]} Rc8 {[%emt 0:00:29]} 8. O-O-O {[%emt 0:00:44]} Nxd4 {[%emt 0:00:44]} 9. Qxd4 {[%emt 0:00:08]} Qa5 {[%emt 0:00:56]} 10. Bxf6 {[%emt 0:05:26]} gxf6 {[%emt 0:01:04]} 11. Kb1 {[%emt 0:09:11]} Qc5 {[%emt 0:03:16]} 12. Qd2 {[%emt 0:05:20]} Bg7 {[%emt 0:07:10]} 13. f4 {[%emt 0:02:48]} f5 {[%emt 0:17:30]} 14. e5 {[%emt 0:05:48]} O-O {[%emt 0:02:27]} 15. exd6 {[%emt 0:03:54]} e6 {[%emt 0:01:00]} 16. h4 {[%emt 0:25:35]} b5 {[%emt 0:07:55]} 17. Rh3 {[%emt 0:04:54]} Bf6 {[%emt 0:05:08]} 18. Bd3 {[%emt 0:05:35]} b4 {[%emt 0:05:05]} 19. Ne2 {[%emt 0:01:15]} Rfd8 {[%emt 0:04:14]} 20. h5 {[%emt 0:03:54]} Kh8 {[%emt 0:06:50]} 21. Qe3 {[%emt 0:06:05]} Be8 {[%emt 0:11:17]} 22. g4 {[%emt 0:04:28]} Qxd6 {[%emt 0:06:35]} 23. gxf5 {[%emt 0:03:02]} exf5 {[%emt 0:00:42]} 24. Ng3 {[%emt 0:04:07]} Bd7 {[%emt 0:01:19]} 25. Rhh1 {[%emt 0:01:08]} Be6 {[%emt 0:01:22]} 26. h6 {[%emt 0:04:13]} Qd5 {[%emt 0:04:45]} 27. b3 {[%emt 0:02:03]} Qc6 {[%emt 0:01:21]} 28. Ne2 {[%emt 0:02:00]} Bd5 {[%emt 0:02:19]} 29. Rhf1 {[%emt 0:01:47]} Re8 {[%emt 0:01:30]} 30. Qd2 {[%emt 0:00:02]} Bf3 {[%emt 0:01:20]} 31. Rde1 {[%emt 0:00:29]} Red8 {[%emt 0:01:27]} 32. Qe3 {[%emt 0:01:03]} Bxe2 {[%emt 0:01:17]} 0-1

[Event "56th Rubinstein Memorial A 2020"]
[Site "Polanica Zdroj"]
[Date "2020.08.19"]
[Round "5.18"]
[White "Betkowski, Andrzej"]
[Black "Kolodziejski, Piotr"]
[Result "1-0"]
[WhiteElo "2044"]
[BlackElo "1928"]
[Annotator "TA"]
[PlyCount "123"]
[EventDate "2020.08.15"]
[EventType "swiss"]
[EventCountry "POL"]
[SourceTitle "playchess.com"]
[Source "ChessBase"]
[SourceQuality "1"]

{[%evp 9,123,-9,-6,-2,15,13,21,-18,-18,-20,-13,-67,-28,-30,-28,-54,-36,-37,-25,-95,-79,-74,-56,-55,-58,-57,-50,-50,-18,-20,0,0,0,-15,35,35,60,59,69,7,7,0,11,0,0,0,0,0,0,0,0,0,0,0,26,24,25,27,45,41,109,108,181,107,119,119,119,120,125,124,125,99,101,101,98,94,93,8,8,8,8,8,8,8,8,0,0,0,0,0,29979,29983,29983,29984,29984,29985,29985,29986,29986,29987,29987,29988,29988,29989,29989,29990,29990,29991,29991,29992,29992,29992,29995,29995,29998,29999]} 1. d4 Nf6 2. Bg5 d5 3. e3 c5 4. Nd2 cxd4 5. exd4 Nc6 6. Ngf3 {D00: 1 d4 d5: Unusual lines.} Bg4 7. c3 Ne4 8. Be2 {The position is equal.} Nxg5 9. Nxg5 {[#]} Bf5 $146 ({Predecessor:} 9... Bxe2 10. Qxe2 e6 11. f4 g6 12. O-O Qe7 13. Ngf3 Bg7 14. Ne5 O-O 15. Nxc6 bxc6 {½-½ (32) Stomprowski,E-Loebel,C Kiel 1992}) 10. g4 (10. Ngf3 $11) 10... Bg6 11. h4 {Black must now prevent h5.} h6 12. Nh3 e6 13. Nf4 Bh7 14. Nf3 (14. Bd3 $11 {keeps the balance.}) 14... Bd6 15. Nh5 Rg8 16. Bd3 Bxd3 17. Qxd3 g6 18. Ng3 Qc7 19. Ne2 Ne7 20. O-O-O O-O-O 21. Kb1 Qc4 22. Qe3 Kb8 23. Nc1 h5 24. Ne5 (24. Ng5 $1 $14 Rgf8 25. gxh5) 24... Bxe5 $1 $11 25. Qxe5+ {[%mdl 64] Double Attack} Qc7 26. Qxc7+ Kxc7 27. f3 Rh8 28. Nd3 Nc6 29. Nf4 hxg4 30. fxg4 Rh7 31. Rh3 g5 32. hxg5 {[%mdl 64] Discovered Attack} Rxh3 33. Nxh3 {[%mdl 4096] Endgame KRN-KRN} Rh8 34. Nf4 Ne7 (34... Kd6 $14) 35. Rf1 $16 Rg8 (35... Rh7 $16 {was worth a try.}) 36. Nh5 (36. Nd3 $18) 36... Rxg5 37. Rxf7 Kd6 38. Rg7 Rxg7 39. Nxg7 {KN-KN} e5 40. dxe5+ Kxe5 41. Kc2 Kf4 42. Kd3 Kxg4 43. Kd4 ({White should play} 43. Ne8 $16) 43... Kf3 $1 $11 44. Ne8 {Hoping for Nd6.} Ke2 $1 45. Nd6 b6 46. Nb5 a5 47. Nc7 Kd2 48. Nxd5 Nxd5 49. Kxd5 {K3P-KPP} Kc2 $2 {[%mdl 8192] [#]} (49... a4 $11) 50. b4 $1 {White mates.} Kxc3 {[#] KPP-KPP} 51. b5 $1 a4 52. Kc6 a3 53. Kxb6 {KPP-KP} Kb2 54. Kc5 Kxa2 {KP-KP} 55. b6 Kb2 56. b7 a2 57. b8=Q+ Kc2 58. Qh2+ Kb3 59. Qe5 Kc2 60. Qa1 Kb3 61. Kd4 Ka3 62. Kc4 {Accuracy: White = 76%, Black = 79%.} 1-0